000 00377nam a2200133Ia 4500
003 GCL
008 140319s9999 xx 000 0 ara d
040 _aGCL /
_cGCL
082 0 4 _a362.6
_bج م
100 1 _aجليل وديع شكور
245 1 0 _aمعاقون لكن عظماء /
_cجليل وديع شكور
300 _a159 ص
490 _aموسوعة عالم الطبخ
_v0
999 _c59633
_d59633